| 000 | 01330cam a2200325 i 4500 | ||
|---|---|---|---|
| 999 |
_c528952 _d528952 |
||
| 001 | 4205039 | ||
| 003 | NUST | ||
| 005 | 20190917063709.0 | ||
| 008 | 810108s1981 dcua b 000 0 eng | ||
| 010 | _a 81000333 | ||
| 020 | _a0309031028 | ||
| 038 | _aMSOHAIL | ||
| 040 |
_aDLC _cDLC _dDLC |
||
| 043 | _ad------ | ||
| 050 | 0 | 0 |
_aTE153 _b.N3582 1981 |
| 082 | 0 | 0 |
_a625.74 _219 _bTRB |
| 110 | 2 |
_aNational Research Council (U.S.). _bTransportation Research Board. _919676 |
|
| 245 | 1 | 0 |
_aLabor-based construction and maintenance of low-volume roads / _cTransportation Research Board, Commission on Sociotechnical Systems, National Research Council. |
| 250 | _aSynthesis - 3 | ||
| 260 |
_aWashington, D.C. : _bNational Academy of Sciences, _c1981. |
||
| 300 |
_avi, 67 p. : _bill. ; _c28 cm. |
||
| 440 | 0 |
_aTransportation technology support for developing countries : _pSynthesis ; _v3 _920782 |
|
| 500 | _a"Prepared under contract AID/OTR-C-1591, project 931-1116, U.S. Agency for International Development." | ||
| 504 | _aIncludes bibliographical references. | ||
| 650 | 0 |
_aRoads _zDeveloping countries. _920783 |
|
| 650 | 0 |
_aLabor supply _zDeveloping countries. _920784 |
|
| 710 | 1 |
_aUnited States. _bAgency for International Development. _920781 |
|
| 906 |
_a7 _bcbc _corignew _d1 _eocip _f19 _gy-gencatlg |
||
| 942 |
_2ddc _cBK |
||